Deep Hildebrando de Melo (Record no. 2368)

MARC details
000 -Etiqueta do registo
Campo de controlo de comprimento fixo 00342 a2200145 4500
020 ## - ISBN (NÚMERO DE LIVRO PADRÃO INTERNACIONAL)
ISBN 978-989-20-5648-7
040 ## - Fonte de Catalogação
Agência de catalogação Biblioteca Geral- Universidade Lusíada de Angola
082 ## - DEWEY DECIMAL CLASSIFICATION NUMBER
Número de classificação 72
Classificador- CDU 72
100 ## - Nome Pessoal
9 (RLIN) 1195
Autor MINGAS,Angela B.L
245 ## - Declaração de Título
Título Deep Hildebrando de Melo
260 ## - Publicação e Destribuíção
Local de edição/distribuição Luanda,
Editor/distribuidor Hildebrando de Melo
Data de edição/distribuição 2015.
300 ## - Descrição Física
Nº Pág. 535p
650 ## - MATERIA
MATERIA ARQUITECTURA
942 ## - - Elementos de entrada adicionados (koha)
Tipo de documento Livros
Holdings
Withdrawn status Lost status Source of classification or shelving scheme Damaged status Not for loan Permanent Location Current Location Date acquired Inventory number Total Checkouts Full call number Barcode Date last seen Price effective from Koha item type
    Dewey Decimal Classification     Biblioteca Geral- Universidade Lusíada de Angola Biblioteca Geral- Universidade Lusíada de Angola 30/06/2026 14(1)   72 2026-0223 30/06/2026 30/06/2026 Livros